000 02337cam a2200505 i 4500
001 data
005 20260322212106.0
008 data
035 _a21104953
906 _a7
_bcbc
_ccopycat
_d3
_encip
_f20
_gy-gencatlg
925 0 _aacquire
_b1 shelf copy
_xpolicy default
955 _wfd07 2019-10-16 to LL
010 _a 2019435627
015 _aGBB8H1312
_2bnb
020 _a9783406702778
020 _a3406702775
020 _a9781509919437
_q(Hart)
020 _a1509919430
_q(Hart)
020 _a9783848738038
_q(Nomos)
020 _a3848738031
_q(Nomos)
035 _a(OCoLC)1002692383
040 _aHVL
_beng
_cHVL
_erda
_dDLC
_dQGE
_dZCL
_dLSD
_dOCLCF
_dOCLCQ
_dNLGGC
_dL2U
_dOCLCQ
_dPLL
_dOCLCQ
_dBDX
_dUKMGB
_dHUELT
_dDCT
_dOCLCQ
_dDLC
041 1 _aeng
_hger
042 _alccopycat
050 0 0 _aK5015.4
_b.E78 2017
082 0 0 _a345
_223
100 1 _aEser, Albin,
_eauthor.
245 1 0 _aComparative criminal law :
_bdevelopment, aims, methods /
_cby Albin Eser, Professor, Dr. iur. Dr. h.c. mult., M.C.J. (NYU), Director emeritus, Max Planck Institute for Foreign and International Criminal Law, Freiburg/Germany ; translated from the German by Brigitte Heilmann.
264 1 _aBaden-Baden, Germany :
_bNomos,
_aOxford, United Kingdom :
_bHart ;
_aBaden-Baden, Germany :
_bNomos,
_c2017.
300 _axviii, 188 pages ;
_c25 cm
336 _atext
_btxt
_2rdacontent
337 _aunmediated
_bn
_2rdamedia
338 _avolume
_bnc
_2rdacarrier
500 _aResult of a comparative research project of the Max Planck Institute for Foreign and International Criminal Law.
500 _aUpdated translation of part 4 of: Strukturvergleich strafrechtlicher Verantwortlichkeit und Sanktionierung in Europa. c2015.
504 _aIncludes bibliographical references (pages 159-177) and index.
650 0 _aCriminal law.
650 7 _aCriminal law.
_2fast
_0(OCoLC)fst00883328
700 1 _aHeilmann, Brigitte,
_etranslator.
710 2 _aMax-Planck-Institut für Ausländisches und Internationales Strafrecht.
730 0 _aStrukturvergleich strafrechtlicher Verantwortlichkeit und Sanktionierung in Europa.
_kSelections.
_lEnglish.
923 _d20190723
_n0205939
_sGyWOH
985 _aBibframePilot2
_e20191016
985 _eVENDOR LOAD
999 _c1552
_d1552